[Event "Gligoric Cup 10th"]
[Site "Paracin"]
[Date "2024.05.22"]
[Round "2.1"]
[White "Maksimovic, Bojan"]
[Black "Miljkovic, Miroslav M"]
[Result "1-0"]
[WhiteElo "2485"]
[BlackElo "2429"]
[PlyCount "95"]
[EventDate "2024.05.21"]
[EventType "team-swiss"]
[EventRounds "5"]
[EventCountry "SRB"]
[SourceTitle "CBM 220 Extra"]
[Source "ChessBase"]
[SourceDate "2024.07.31"]
[SourceVersion "1"]
[SourceVersionDate "2024.07.31"]
[SourceQuality "1"]
[WhiteTeam "Kac Jugovic"]
[BlackTeam "Ruma Sloevn"]
[WhiteTeamCountry "SRB"]
[BlackTeamCountry "SRB"]

1. e4 e5 2. Nf3 Nc6 3. Bb5 a6 4. Ba4 Nf6 5. d3 d6 6. c3 g6 7. 0-0 Bg7 8. Nbd2 0-0 9. Re1 Nh5 10. Nf1 Bd7 11. Ne3 Qe8 12. Nd5 Rc8 13. Bb3 Kh8 14. h3 f5 15. exf5 gxf5 16. d4 e4 17. Ng5 h6 18. Nf7+ Rxf7 19. Qxh5 Rf8 20. Qh4 Qd8 21. Qg3 Ne7 22. Nf4 Kh7 23. f3 d5 24. Nxd5 c5 25. dxc5 Ng6 26. Nf4 Rc6 27. Bd5 Nxf4 28. Bxf4 Rg6 29. Qf2 Bf6 30. Kh2 Bg5 31. Bxg5 Qxg5 32. f4 Qe7 33. Rad1 Be8 34. b4 Rff6 35. Re3 Rg7 36. Rg3 Bg6 37. Bb3 Qc7 38. Qd4 Qe7 39. Qd8 Qxd8 40. Rxd8 Re7 41. Re3 Bf7 42. Rd6 Kg7 43. Rg3+ Bg6 44. Kg1 b6 45. Rxb6 Rxb6 46. cxb6 Rb7 47. c4 Rxb6 48. c5 1-0

[Event "Paracin Prestige op"]
[Site "Paracin"]
[Date "2023.01.17"]
[Round "1"]
[White "Miljkovic, Miroslav M"]
[Black "Tekeyev, Zaur"]
[Result "0-1"]
[WhiteElo "2102"]
[BlackElo "2394"]
[PlyCount "84"]
[EventDate "2023.01.17"]
[EventType "swiss"]
[EventRounds "9"]
[EventCountry "SRB"]
[SourceTitle "CBM 212 Extra"]
[Source "ChessBase"]
[SourceDate "2023.03.31"]
[SourceVersion "1"]
[SourceVersionDate "2023.03.31"]
[SourceQuality "1"]

1. d4 d6 2. e4 Nf6 3. f3 e5 4. d5 Be7 5. Bd3 c6 6. c4 Na6 7. Be3 0-0 8. Nc3 Nd7 9. Qd2 Ndc5 10. Bc2 Nb4 11. Rd1 cxd5 12. Nxd5 Nxd5 13. cxd5 a5 14. Ne2 h6 15. 0-0 Bg5 16. Bxg5 Qxg5 17. Qxg5 hxg5 18. g3 Bd7 19. Bd3 b5 20. f4 gxf4 21. gxf4 Bg4 22. Rf2 exf4 23. Rxf4 Bh5 24. Rf5 g6 25. Rxh5 gxh5 26. Ng3 Rae8 27. Nxh5 f5 28. Bxb5 Rxe4 29. b3 f4 30. Kf2 Rf5 31. Rg1+ Kf8 32. Ng7 Rxd5 33. Bc6 Nd3+ 34. Kf3 Re3+ 35. Kg4 Rc5 36. Nf5 Re6 37. Bg2 f3 38. Nd4 Re4+ 39. Kxf3 Rce5 40. Nf5 Rf4+ 41. Kg3 Rexf5 42. Rd1 Rg5+ 0-1

[Event "Paracin Winter op"]
[Site "Paracin"]
[Date "2019.02.03"]
[Round "5"]
[White "Miljkovic, Miroslav M"]
[Black "Dimkovski, Stojancho"]
[Result "0-1"]
[WhiteElo "2202"]
[BlackElo "1884"]
[PlyCount "88"]
[EventDate "2019.01.31"]
[EventType "swiss"]
[EventRounds "9"]
[EventCountry "SRB"]
[SourceTitle "CBM 188 Extra"]
[Source "ChessBase"]
[SourceDate "2019.02.28"]
[SourceVersion "1"]
[SourceVersionDate "2019.02.28"]
[SourceQuality "1"]

1. d4 Nf6 2. Nf3 e6 3. Bg5 h6 4. Bh4 b6 5. c4 Bb7 6. Nc3 Be7 7. Qc2 d6 8. e4 Nbd7 9. Rd1 Nh7 10. Bg3 Ng5 11. Nxg5 Bxg5 12. f4 Bh4 13. Bxh4 Qxh4+ 14. g3 Qe7 15. Bg2 a6 16. 0-0 0-0 17. Qe2 Rae8 18. b4 d5 19. c5 dxe4 20. Nxe4 Bc8 21. a4 Nf6 22. Nd2 Qd7 23. Nc4 Qxa4 24. Qb2 a5 25. cxb6 cxb6 26. Rb1 Ba6 27. Rfc1 Bxc4 28. Rxc4 Rc8 29. Qc1 Rxc4 30. Qxc4 axb4 31. Bf3 Qa3 32. Kg2 Rd8 33. Rxb4 Qe3 34. Qe2 Qc3 35. Rxb6 Qxd4 36. Rb1 Qc3 37. Rd1 Rxd1 38. Qxd1 g6 39. h3 h5 40. g4 h4 41. g5 Nd5 42. Kh1 Nxf4 43. Qf1 Qe5 44. Qg1 Nxh3 0-1

[Event "Paracin Winter op"]
[Site "Paracin"]
[Date "2018.01.31"]
[Round "2"]
[White "Vujcic, Milena"]
[Black "Miljkovic, Miroslav M"]
[Result "0-1"]
[WhiteElo "1830"]
[BlackElo "2204"]
[PlyCount "72"]
[EventDate "2018.01.30"]
[EventType "swiss"]
[EventRounds "9"]
[EventCountry "SRB"]
[SourceTitle "CBM 182 Extra"]
[Source "ChessBase"]
[SourceDate "2018.02.23"]
[SourceVersion "1"]
[SourceVersionDate "2018.02.23"]
[SourceQuality "1"]

1. e4 c5 2. Nf3 e6 3. d4 cxd4 4. Nxd4 a6 5. Bd3 Nc6 6. Nxc6 bxc6 7. 0-0 d5 8. c4 Nf6 9. Nc3 Bb4 10. cxd5 Bxc3 11. bxc3 cxd5 12. e5 Nd7 13. f4 0-0 14. Rf3 f5 15. Ba3 Rf7 16. c4 Bb7 17. Rb1 Bc6 18. cxd5 Bxd5 19. Rf2 g5 20. Bd6 gxf4 21. Rxf4 Qg5 22. g3 h5 23. Kf2 Nf8 24. Bxf8 Kxf8 25. Be2 h4 26. Rxh4 f4 27. Rxf4 Rxf4+ 28. gxf4 Qxf4+ 29. Bf3 Qxh2+ 30. Kf1 Bc4+ 31. Be2 Kg8 32. Rb3 Rf8+ 33. Ke1 Qg1+ 34. Kd2 Rd8+ 35. Bd3 Qxd1+ 36. Kxd1 Bxb3+ 0-1

[Event "Paracin-ch"]
[Site "Paracin"]
[Date "2017.02.04"]
[Round "7"]
[White "Miljkovic, Miroslav M"]
[Black "Nikolic, Zoran M1"]
[Result "1-0"]
[WhiteElo "2152"]
[BlackElo "2122"]
[PlyCount "99"]
[EventDate "2017.01.31"]
[EventType "swiss"]
[EventRounds "9"]
[EventCountry "SRB"]
[SourceTitle "CBM 176 Extra"]
[Source "ChessBase"]
[SourceDate "2017.03.02"]
[SourceVersion "1"]
[SourceVersionDate "2017.03.02"]
[SourceQuality "1"]

1. d4 e6 2. c4 Bb4+ 3. Nd2 f5 4. Ngf3 Nf6 5. g3 0-0 6. Bg2 Kh8 7. 0-0 Nc6 8. a3 Bxd2 9. Bxd2 Ne4 10. Be3 Qe8 11. Ne5 Ne7 12. f3 Nf6 13. Bg5 d6 14. Nd3 Qg6 15. Bh4 Nc6 16. Nf2 Qh6 17. e4 g5 18. d5 Nd8 19. Qc1 f4 20. Bxg5 Qxg5 21. Nh3 Qg7 22. Nxf4 e5 23. Nd3 b6 24. b4 Nf7 25. Ra2 a5 26. Rb2 axb4 27. axb4 Bd7 28. b5 Rg8 29. Qe1 h5 30. Kh1 Qh6 31. h4 Rg7 32. Rg1 Ra4 33. Nb4 Ra3 34. Nc2 Ra4 35. Bf1 Qh7 36. Nb4 Ra3 37. Be2 Qg8 38. Na6 Ne8 39. Qf2 Qh7 40. Kh2 Nd8 41. Nxc7 Nxc7 42. Qxb6 Ne8 43. Qxd8 Re7 44. b6 Ba4 45. Bd1 Bxd1 46. b7 Rxf3 47. b8Q Qxe4 48. Qxe8+ Rxe8 49. Qxe8+ Kg7 50. Rb7+ 1-0

[Event "Paracin-ch"]
[Site "Paracin"]
[Date "2017.02.02"]
[Round "3"]
[White "Miljkovic, Miroslav M"]
[Black "Tomic, Aleksandar Lj"]
[Result "1/2-1/2"]
[WhiteElo "2152"]
[BlackElo "2316"]
[PlyCount "99"]
[EventDate "2017.01.31"]
[EventType "swiss"]
[EventRounds "9"]
[EventCountry "SRB"]
[SourceTitle "CBM 176 Extra"]
[Source "ChessBase"]
[SourceDate "2017.03.02"]
[SourceVersion "1"]
[SourceVersionDate "2017.03.02"]
[SourceQuality "1"]

1. d4 Nf6 2. c4 e6 3. Nf3 Bb4+ 4. Nbd2 d6 5. a3 Bxd2+ 6. Bxd2 h6 7. Qc2 Nbd7 8. e4 e5 9. dxe5 dxe5 10. Rd1 Qe7 11. b4 c5 12. Nh4 g6 13. g3 Nf8 14. Bg2 Ne6 15. 0-0 Nd4 16. Qd3 b6 17. f4 Bg4 18. Nf3 Rd8 19. Qe3 exf4 20. gxf4 Bxf3 21. Bxf3 Nxf3+ 22. Qxf3 Nxe4 23. Qg2 0-0 24. Rde1 Rxd2 25. Qxd2 Nxd2 26. Rxe7 Nxf1 27. Kxf1 cxb4 28. axb4 Rc8 29. Re4 a5 30. bxa5 bxa5 31. Ke2 a4 32. Kd3 Kf8 33. Kc3 Rb8 34. c5 Rb5 35. Kc4 Rb2 36. Kc3 Rb3+ 37. Kc4 Rb2 38. Kc3 Rb3+ 39. Kc4 Rb8 40. Re3 Ra8 41. Ra3 Ke7 42. Kb5 Kd7 43. c6+ Kc7 44. Rd3 a3 45. Rd7+ Kc8 46. Rxf7 Ra4 47. Rf8+ Kc7 48. Rf7+ Kc8 49. Rf8+ Kc7 50. Rf7+ 1/2-1/2

[Event "Paracin-ch"]
[Site "Paracin"]
[Date "2016.01.24"]
[Round "8"]
[White "Miljkovic, Miroslav M"]
[Black "Djordjevic, Vuk D"]
[Result "1-0"]
[WhiteElo "2138"]
[BlackElo "2400"]
[PlyCount "89"]
[EventDate "2016.01.19"]
[EventType "swiss"]
[EventRounds "9"]
[EventCountry "SRB"]
[SourceTitle "CBM 170 Extra"]
[Source "ChessBase"]
[SourceDate "2016.02.25"]
[SourceVersion "1"]
[SourceVersionDate "2016.02.25"]
[SourceQuality "1"]

1. d4 Nf6 2. c4 e6 3. Nf3 b6 4. a3 Bb7 5. Nc3 d5 6. cxd5 exd5 7. Bg5 Be7 8. e3 0-0 9. Bd3 Nbd7 10. 0-0 Ne4 11. Bf4 Bd6 12. Bxd6 Nxd6 13. Rc1 c6 14. Ne5 c5 15. Nxd7 Qxd7 16. Qf3 c4 17. Bb1 Qe6 18. Ne2 f5 19. Nf4 Qf7 20. h4 b5 21. g4 fxg4 22. Qxg4 Rae8 23. Kh2 Ne4 24. Bxe4 Rxe4 25. Qg5 Qc7 26. Rg1 Qd7 27. Rg2 Rf5 28. Qg3 Bc8 29. Rcg1 Rf7 30. h5 Qf5 31. Qh4 h6 32. Rg6 Kh7 33. Qg3 Ree7 34. Rd6 Bd7 35. Rxd5 Qe4 36. Rxd7 Rxd7 37. Qg6+ Qxg6 38. hxg6+ Kg8 39. gxf7+ Kxf7 40. Ng6 Rb7 41. Ne5+ Ke6 42. e4 g5 43. f4 a5 44. fxg5 hxg5 45. Rxg5 1-0

[Event "BIH-chT 12th"]
[Site "Sarajevo"]
[Date "2013.06.23"]
[Round "9.1"]
[White "Miljkovic, Miroslav M"]
[Black "Tomic, Bosko"]
[Result "1/2-1/2"]
[WhiteElo "2462"]
[BlackElo "2430"]
[PlyCount "46"]
[EventDate "2013.06.15"]
[EventType "team-tourn"]
[EventRounds "9"]
[EventCountry "BIH"]
[SourceTitle "CBM 155 Extra"]
[Source "ChessBase"]
[SourceDate "2013.08.26"]
[SourceVersion "1"]
[SourceVersionDate "2013.08.26"]
[SourceQuality "1"]
[WhiteTeam "Zenica Celik"]
[BlackTeam "Zvornik Drina"]
[WhiteTeamCountry "BIH"]
[BlackTeamCountry "BIH"]

1. d4 Nf6 2. c4 g6 3. Nc3 Bg7 4. e4 d6 5. f4 0-0 6. Nf3 c5 7. d5 e6 8. Be2 exd5 9. cxd5 Bg4 10. 0-0 Bxf3 11. Bxf3 Nbd7 12. Be3 Ne8 13. Qc2 Rb8 14. g4 b5 15. Ne2 Qa5 16. Ng3 Nb6 17. Qg2 Nc4 18. Bc1 Bd4+ 19. Kh1 Ne3 20. Bxe3 Bxe3 21. Be2 Bd4 22. Bf3 Be3 23. Be2 Bd4 1/2-1/2

[Event "BIH-chT 12th"]
[Site "Sarajevo"]
[Date "2013.06.20"]
[Round "6.1"]
[White "Perunovic, Milos"]
[Black "Miljkovic, Miroslav M"]
[Result "1-0"]
[WhiteElo "2628"]
[BlackElo "2462"]
[PlyCount "61"]
[EventDate "2013.06.15"]
[EventType "team-tourn"]
[EventRounds "9"]
[EventCountry "BIH"]
[SourceTitle "CBM 155 Extra"]
[Source "ChessBase"]
[SourceDate "2013.08.26"]
[SourceVersion "1"]
[SourceVersionDate "2013.08.26"]
[SourceQuality "1"]
[WhiteTeam "Sarajevo Bosna"]
[BlackTeam "Zenica Celik"]
[WhiteTeamCountry "BIH"]
[BlackTeamCountry "BIH"]

1. e4 c5 2. Nf3 Nc6 3. Nc3 Nf6 4. Bb5 Qc7 5. d3 Nd4 6. Bc4 e6 7. Nxd4 cxd4 8. Nb5 Qb6 9. c3 dxc3 10. Nxc3 d6 11. Be3 Qd8 12. d4 Be7 13. Bb3 0-0 14. 0-0 Bd7 15. e5 Ne8 16. Qg4 Kh8 17. Qg3 f5 18. exd6 Nxd6 19. d5 exd5 20. Bd4 Bf6 21. Bxf6 Rxf6 22. Nxd5 Rg6 23. Qe3 Re6 24. Qf4 Qf8 25. Rfd1 Re4 26. Qd2 Nb5 27. Nb6 Bc6 28. Nxa8 Nd4 29. f3 Qc5 30. Kh1 Nxf3 31. Qc3 1-0

[Event "BIH-chT 12th"]
[Site "Sarajevo"]
[Date "2013.06.19"]
[Round "5.1"]
[White "Miljkovic, Miroslav M"]
[Black "Brkic, Ante"]
[Result "1/2-1/2"]
[WhiteElo "2462"]
[BlackElo "2584"]
[PlyCount "56"]
[EventDate "2013.06.15"]
[EventType "team-tourn"]
[EventRounds "9"]
[EventCountry "BIH"]
[SourceTitle "CBM 155 Extra"]
[Source "ChessBase"]
[SourceDate "2013.08.26"]
[SourceVersion "1"]
[SourceVersionDate "2013.08.26"]
[SourceQuality "1"]
[WhiteTeam "Zenica Celik"]
[BlackTeam "Siroki Brijeg"]
[WhiteTeamCountry "BIH"]
[BlackTeamCountry "BIH"]

1. d4 Nf6 2. c4 e6 3. Nc3 Bb4 4. e3 0-0 5. Bd3 d5 6. Nf3 c5 7. 0-0 cxd4 8. exd4 dxc4 9. Bxc4 b6 10. Qe2 Bb7 11. Rd1 Bxc3 12. bxc3 Nd5 13. Bd2 Qc7 14. Ne5 Nc6 15. Bxd5 exd5 16. Nxc6 Bxc6 17. Re1 Rfe8 18. Qa6 Qd7 19. h3 Bb5 20. Qa3 Bc4 21. Qb2 f6 22. a3 Rxe1+ 23. Rxe1 Re8 24. Rxe8+ Qxe8 25. Bf4 Kf7 26. Bg3 Qe7 27. Qb4 Qxb4 28. cxb4 b5 1/2-1/2

[Event "BIH-chT 12th"]
[Site "Sarajevo"]
[Date "2013.06.18"]
[Round "4.1"]
[White "Kadric, Denis"]
[Black "Miljkovic, Miroslav M"]
[Result "1-0"]
[WhiteElo "2460"]
[BlackElo "2462"]
[PlyCount "87"]
[EventDate "2013.06.15"]
[EventType "team-tourn"]
[EventRounds "9"]
[EventCountry "BIH"]
[SourceTitle "CBM 155 Extra"]
[Source "ChessBase"]
[SourceDate "2013.08.26"]
[SourceVersion "1"]
[SourceVersionDate "2013.08.26"]
[SourceQuality "1"]
[WhiteTeam "Sarajevo Slavija"]
[BlackTeam "Zenica Celik"]
[WhiteTeamCountry "BIH"]
[BlackTeamCountry "BIH"]

1. e4 c5 2. Nc3 Nc6 3. Bb5 Nd4 4. Nf3 e6 5. 0-0 a6 6. Bd3 Ne7 7. Nxd4 cxd4 8. Ne2 Nc6 9. c3 Bc5 10. b4 Ba7 11. Bb2 dxc3 12. Bxc3 0-0 13. a4 d6 14. b5 Ne5 15. Bc2 axb5 16. axb5 Bd7 17. d4 Ng6 18. Bd3 Qf6 19. f4 Rfc8 20. Kh1 Qd8 21. f5 exf5 22. exf5 Ne7 23. Ba5 Bb6 24. Bd2 Rxa1 25. Qxa1 Qe8 26. f6 Bf5 27. Qb1 Bxd3 28. Qxd3 Ng6 29. fxg7 d5 30. Ng3 Qe6 31. Nh5 f5 32. Qxf5 Qxf5 33. Rxf5 Bxd4 34. Rxd5 Bxg7 35. Nxg7 Kxg7 36. Rd7+ Kg8 37. h3 b6 38. Rb7 Rc2 39. Bh6 Nh4 40. Rg7+ Kh8 41. Rf7 Rxg2 42. Rf4 Rg3 43. Rxh4 Rb3 44. Rh5 1-0

[Event "Jagodina op 6th"]
[Site "Jagodina"]
[Date "2013.03.14"]
[Round "7"]
[White "Miljkovic, Miroslav M"]
[Black "Sosic, Nikola"]
[Result "1-0"]
[WhiteElo "2211"]
[BlackElo "1894"]
[PlyCount "91"]
[EventDate "2013.03.09"]
[EventType "swiss"]
[EventRounds "9"]
[EventCountry "SRB"]
[SourceTitle "CBM 153 Extra"]
[Source "ChessBase"]
[SourceDate "2013.04.22"]
[SourceVersion "1"]
[SourceVersionDate "2013.04.22"]
[SourceQuality "1"]

1. d4 Nf6 2. c4 e6 3. Nf3 d5 4. Nc3 Be7 5. Bg5 c6 6. e3 Nbd7 7. Qc2 0-0 8. Rd1 dxc4 9. Bxc4 Nd5 10. Bxe7 Qxe7 11. e4 Nf4 12. g3 Ng6 13. h4 b5 14. Bd3 f5 15. Qb3 fxe4 16. Bxe4 Bb7 17. Ng5 Rf6 18. Nxh7 Kxh7 19. h5 Kg8 20. hxg6 Nf8 21. Qc2 Rd8 22. f4 c5 23. dxc5 Rxd1+ 24. Kxd1 Nxg6 25. c6 Bxc6 26. Kc1 Qc5 27. Re1 Ne7 28. Bxc6 Qxc6 29. Ne4 Rh6 30. Qxc6 Nxc6 31. Ng5 Nd4 32. Rd1 Nc6 33. Rd6 e5 34. fxe5 Rxd6 35. exd6 Kf8 36. Kd2 Ke8 37. Ne6 g6 38. Nc5 Ne5 39. Kc3 Nc6 40. Kd3 Nb4+ 41. Ke4 Nxa2 42. Kd5 Nb4+ 43. Ke6 Nc6 44. d7+ Kf8 45. Kd6 Nd8 46. Ne6+ 1-0

[Event "Jagodina op 6th"]
[Site "Jagodina"]
[Date "2013.03.13"]
[Round "6"]
[White "Ivanovic, Zoran M"]
[Black "Miljkovic, Miroslav M"]
[Result "1/2-1/2"]
[WhiteElo "2101"]
[BlackElo "2211"]
[PlyCount "57"]
[EventDate "2013.03.09"]
[EventType "swiss"]
[EventRounds "9"]
[EventCountry "SRB"]
[SourceTitle "CBM 153 Extra"]
[Source "ChessBase"]
[SourceDate "2013.04.22"]
[SourceVersion "1"]
[SourceVersionDate "2013.04.22"]
[SourceQuality "1"]

1. e4 c5 2. Nf3 e6 3. d4 cxd4 4. Nxd4 a6 5. Bd3 Qc7 6. 0-0 Nc6 7. Nxc6 bxc6 8. Nc3 d5 9. Qe2 Be7 10. f4 Nf6 11. b3 Bb7 12. e5 Nd7 13. Na4 g6 14. c4 Nb6 15. Nxb6 Qxb6+ 16. Kh1 d4 17. Bd2 c5 18. Qg4 h5 19. Qe2 Qc6 20. Rg1 a5 21. a4 Qc7 22. h3 Bc6 23. Qe1 Bd8 24. Rb1 Qe7 25. Kh2 Bb6 26. Qg3 Bc7 27. Rgf1 Kd7 28. Kh1 Rhb8 29. Bc2 1/2-1/2

[Event "Jagodina op 4th"]
[Site "Jagodina"]
[Date "2011.03.09"]
[Round "6"]
[White "Miljkovic, Miroslav M"]
[Black "Petrovic, Dragoslav"]
[Result "1-0"]
[WhiteElo "2172"]
[BlackElo "2022"]
[PlyCount "81"]
[EventDate "2011.03.05"]
[EventType "swiss"]
[EventRounds "9"]
[EventCountry "SRB"]
[SourceTitle "CBM 141 Extra"]
[Source "ChessBase"]
[SourceDate "2011.05.03"]
[SourceVersion "1"]
[SourceVersionDate "2011.05.03"]
[SourceQuality "1"]

1. d4 d5 2. c4 c6 3. Nc3 Nf6 4. Bg5 e6 5. Nf3 Be7 6. e3 Nbd7 7. Qc2 0-0 8. Rd1 h6 9. Bf4 Nh5 10. Be5 Nxe5 11. dxe5 g6 12. e4 Qa5 13. exd5 exd5 14. cxd5 cxd5 15. Rxd5 Qc7 16. g3 b6 17. Bg2 Bb7 18. Rd2 Rac8 19. 0-0 Bxf3 20. Bxf3 Qxe5 21. Re2 Qc5 22. Bxh5 gxh5 23. Qa4 Rc7 24. Rd1 Bf6 25. Nd5 Rc6 26. Qxa7 Kg7 27. Nf4 h4 28. Ne6+ Rxe6 29. Rxe6 hxg3 30. hxg3 Bd4 31. Re2 Rd8 32. Rf1 Qg5 33. Qc7 Rd5 34. Qf4 Qd8 35. Kg2 Bc5 36. b4 Bd6 37. Qg4+ Rg5 38. Qd4+ Kh7 39. Rd1 Rg6 40. Qe4 Qg5 41. Rxd6 1-0

[Event "Jagodina op 4th"]
[Site "Jagodina"]
[Date "2011.03.08"]
[Round "5"]
[White "Madic, Zivko"]
[Black "Miljkovic, Miroslav M"]
[Result "1/2-1/2"]
[WhiteElo "2155"]
[BlackElo "2172"]
[PlyCount "95"]
[EventDate "2011.03.05"]
[EventType "swiss"]
[EventRounds "9"]
[EventCountry "SRB"]
[SourceTitle "CBM 141 Extra"]
[Source "ChessBase"]
[SourceDate "2011.05.03"]
[SourceVersion "1"]
[SourceVersionDate "2011.05.03"]
[SourceQuality "1"]

1. d4 Nf6 2. Nf3 e6 3. Bg5 c5 4. c3 Be7 5. Nbd2 cxd4 6. cxd4 0-0 7. e3 b6 8. Bd3 Bb7 9. 0-0 d6 10. Rc1 Nbd7 11. Qe2 Rc8 12. Ba6 Rxc1 13. Rxc1 Qb8 14. Bxb7 Qxb7 15. Qc4 h6 16. Bh4 Rb8 17. h3 Nf8 18. Bg3 Rd8 19. a3 g5 20. Qc7 Qxc7 21. Rxc7 Rd7 22. Rc8 Nh5 23. Bh2 f5 24. b4 e5 25. Kf1 e4 26. Ne1 d5 27. Be5 Kf7 28. Rc6 Ne6 29. g4 fxg4 30. hxg4 Nf6 31. Bxf6 Kxf6 32. f3 exf3 33. Ndxf3 Rc7 34. Rc2 a5 35. bxa5 bxa5 36. a4 Rxc2 37. Nxc2 Bd6 38. Nd2 Ke7 39. Ke2 Ng7 40. e4 Bf4 41. exd5 Bxd2 42. Kxd2 Kd6 43. Ne3 h5 44. gxh5 Nxh5 45. Kd3 Nf6 46. Kc4 g4 47. Nf5+ Kd7 48. Ng3 1/2-1/2

[Event "WUCC op 11th"]
[Site "Zuerich"]
[Date "2010.09.11"]
[Round "9"]
[White "Miljkovic, Miroslav M"]
[Black "Kurmann, Oliver"]
[Result "1-0"]
[WhiteElo "2510"]
[BlackElo "2452"]
[PlyCount "55"]
[EventDate "2010.09.05"]
[EventType "swiss"]
[EventRounds "9"]
[EventCountry "SUI"]
[SourceTitle "CBM 138 Extra"]
[Source "ChessBase"]
[SourceDate "2010.10.29"]
[SourceVersion "1"]
[SourceVersionDate "2010.10.29"]
[SourceQuality "1"]

1. d4 Nf6 2. c4 e6 3. Nc3 d5 4. Bg5 c6 5. e3 Nbd7 6. Nf3 Qa5 7. Nd2 Bb4 8. Qc2 0-0 9. Bxf6 Nxf6 10. Bd3 c5 11. 0-0 cxd4 12. Nb3 Qb6 13. c5 Qd8 14. exd4 b6 15. a3 bxc5 16. dxc5 Bxc3 17. Qxc3 a5 18. a4 Qc7 19. Nd4 e5 20. Nb5 Qb8 21. Rfe1 e4 22. Bf1 Ng4 23. Nd6 f5 24. Bb5 Qc7 25. Red1 Nf6 26. Rac1 Bd7 27. Qg3 Ra7 28. Bxd7 1-0

[Event "WUCC op 11th"]
[Site "Zuerich"]
[Date "2010.09.06"]
[Round "3"]
[White "Miljkovic, Miroslav M"]
[Black "Purnama, Tirta Chandra"]
[Result "1-0"]
[WhiteElo "2510"]
[BlackElo "2400"]
[PlyCount "81"]
[EventDate "2010.09.05"]
[EventType "swiss"]
[EventRounds "9"]
[EventCountry "SUI"]
[SourceTitle "CBM 138 Extra"]
[Source "ChessBase"]
[SourceDate "2010.10.29"]
[SourceVersion "1"]
[SourceVersionDate "2010.10.29"]
[SourceQuality "1"]

1. d4 Nf6 2. c4 g6 3. Nc3 Bg7 4. Bg5 h6 5. Bh4 0-0 6. e3 d6 7. Nf3 Nc6 8. Be2 Bf5 9. Nd2 e5 10. d5 Ne7 11. g4 Bd7 12. 0-0 g5 13. Bg3 Nxg4 14. Bxg4 f5 15. Bh3 f4 16. Be6+ Bxe6 17. dxe6 c6 18. Qg4 fxg3 19. hxg3 d5 20. Rad1 d4 21. Nb3 Nf5 22. Ne2 Qf6 23. exd4 Qxe6 24. d5 cxd5 25. Rxd5 Qf7 26. Qe4 Rac8 27. Nd2 Nd4 28. Nxd4 exd4 29. Qd3 Rce8 30. Ne4 Qf3 31. Qxf3 Rxf3 32. Nd6 Re2 33. b4 Rxa2 34. Nxb7 Rc3 35. Nd6 d3 36. c5 Re2 37. Kg2 a6 38. Nf5 Bf8 39. Rd7 g4 40. Ne3 Bg7 41. Rd1 1-0